<?xml version="1.0" encoding="UTF-8"?>
<record
    xmlns:xsi="http://www.w3.org/2001/XMLSchema-instance"
    xsi:schemaLocation="http://www.loc.gov/MARC21/slim http://www.loc.gov/standards/marcxml/schema/MARC21slim.xsd"
    xmlns="http://www.loc.gov/MARC21/slim">

  <leader>02865nam a2200421Ii 4500</leader>
  <controlfield tag="001">DIGBCACC0130</controlfield>
  <controlfield tag="003">NyNyDIG</controlfield>
  <controlfield tag="006">m     o  d        </controlfield>
  <controlfield tag="007">cr |||||||||||</controlfield>
  <controlfield tag="008">131001s2008    sp      ob    000 0 spa d</controlfield>
  <datafield tag="020" ind1=" " ind2=" ">
    <subfield code="a">9789689342397</subfield>
    <subfield code="q">(eBook)</subfield>
  </datafield>
  <datafield tag="020" ind1=" " ind2=" ">
    <subfield code="a">9689342398</subfield>
    <subfield code="q">(eBook)</subfield>
  </datafield>
  <datafield tag="035" ind1=" " ind2=" ">
    <subfield code="a">(OCoLC)527382905</subfield>
  </datafield>
  <datafield tag="040" ind1=" " ind2=" ">
    <subfield code="a">DGITA</subfield>
    <subfield code="b">eng</subfield>
    <subfield code="e">pn</subfield>
    <subfield code="c">DGITA</subfield>
  </datafield>
  <datafield tag="043" ind1=" " ind2=" ">
    <subfield code="a">n-mx---</subfield>
  </datafield>
  <datafield tag="050" ind1="1" ind2="4">
    <subfield code="a"> F1219.3.A7 eBook</subfield>
  </datafield>
  <datafield tag="245" ind1="0" ind2="3">
    <subfield code="a">La fauna en el mundo prehisp&#xE1;nico.</subfield>
  </datafield>
  <datafield tag="264" ind1=" " ind2="1">
    <subfield code="a">Mexico, D.F. :</subfield>
    <subfield code="b">Cacciani, S.A. de C.V. </subfield>
    <subfield code="b">Fundaci&#xF3;n Cultural Armella Spitalier,</subfield>
    <subfield code="c">2008.</subfield>
  </datafield>
  <datafield tag="300" ind1=" " ind2=" ">
    <subfield code="a">1 online resource (70 pages) :</subfield>
    <subfield code="b">ill. </subfield>
  </datafield>
  <datafield tag="336" ind1=" " ind2=" ">
    <subfield code="a">text</subfield>
    <subfield code="b">txt</subfield>
    <subfield code="2">rdacontent</subfield>
  </datafield>
  <datafield tag="337" ind1=" " ind2=" ">
    <subfield code="a">computer</subfield>
    <subfield code="b">c</subfield>
    <subfield code="2">rdamedia</subfield>
  </datafield>
  <datafield tag="338" ind1=" " ind2=" ">
    <subfield code="a">online resource</subfield>
    <subfield code="b">cr</subfield>
    <subfield code="2">rdacarrier</subfield>
  </datafield>
  <datafield tag="490" ind1="1" ind2=" ">
    <subfield code="a">La manera de conocer el pasado mesoamericano a trav&#xE9;s de su arte ;</subfield>
    <subfield code="v">30</subfield>
  </datafield>
  <datafield tag="504" ind1=" " ind2=" ">
    <subfield code="a">Includes bibliographical references (p. 29-30)</subfield>
  </datafield>
  <datafield tag="505" ind1="0" ind2=" ">
    <subfield code="a">1. Antecedentes de la fauna mesoamericana -- 1.1. La fauna en la etapa l&#xED;tica -- 1.2. El holoceno: etapa de transici&#xF3;n -- 1.3. La composici&#xF3;n geogr&#xE1;fica del territorio mesoamericano -- 1.4. Fauna y vida cotidiana -- 2. La fauna y los dioses -- 2.1. De lo natural a lo sagrado -- 2.2. El jaguar, s&#xED;mbolo de poder -- 2.3. La serpiente en el mundo mesoamericano -- 2.4. El &#xE1;guila, &#xED;cono del sol y la guerra -- 3. Animales en la mitolog&#xED;a del m&#xE9;xico antiguo -- 3.1. Los simbolismos del perro mesoamericano -- 3.2. Los mitos del tlacuache -- 3.3. De otros animales -- 3.4. De seres alados -- 4. La fauna mesoamericana en la etnograf&#xED;a -- 4.1. Sahag&#xFA;n, primer etn&#xF3;grafo de am&#xE9;rica -- 4.2. La fauna en las supersticiones populares -- 4.3. Del totemismo al nahualismo -- Glosario -- Bibliograf&#xED;a -- Selecci&#xF3;n De Piezas -- Cr&#xE9;ditos -- Glosario -- Bibliograf&#xED;a -- Selecci&#xF3;n de Piezas -- Cr&#xE9;ditos.</subfield>
  </datafield>
  <datafield tag="520" ind1=" " ind2=" ">
    <subfield code="a">"La relaci&#xF3;n del hombre con el medio ambiente es una constante en los dise&#xF1;os textiles y cer&#xE1;micos de los pueblos antiguos. Este trabajo aborda la relaci&#xF3;n del hombre de la etapa l&#xED;tica con la fauna que lo rodeaba, visible tanto en sus creaciones de gran sensibilidad art&#xED;stica como en la construcci&#xF3;n de los mitos y las leyendas religiosas que fueron la base que dio pie al desarrollo de las civilizaciones prehisp&#xE1;nicas." (p. 3).</subfield>
  </datafield>
  <datafield tag="650" ind1=" " ind2="0">
    <subfield code="a">Indian of Mexico</subfield>
    <subfield code="x">Antiquities. </subfield>
  </datafield>
  <datafield tag="650" ind1=" " ind2="0">
    <subfield code="a">Indian art</subfield>
    <subfield code="z">Mexico.</subfield>
  </datafield>
  <datafield tag="650" ind1=" " ind2="0">
    <subfield code="a">Archaeological museums and collections</subfield>
    <subfield code="z">Mexico.</subfield>
  </datafield>
  <datafield tag="655" ind1=" " ind2="0">
    <subfield code="a">Electronic books.</subfield>
  </datafield>
  <datafield tag="710" ind1="2" ind2=" ">
    <subfield code="a">Fundaci&#xF3;n Cultural Armella Spitalier</subfield>
  </datafield>
  <datafield tag="791" ind1="2" ind2=" ">
    <subfield code="a">Digitalia (Firm),</subfield>
    <subfield code="e">distributor.</subfield>
  </datafield>
  <datafield tag="830" ind1=" " ind2="0">
    <subfield code="a">La manera de conocer el pasado mesoamericano a trav&#xE9;s de su arte ;</subfield>
    <subfield code="v">30.</subfield>
  </datafield>
  <datafield tag="793" ind1="0" ind2=" ">
    <subfield code="g">Digitalia eBook Collection:</subfield>
    <subfield code="a">Editorial Cacciani.</subfield>
  </datafield>
  <datafield tag="856" ind1="4" ind2="0">
    <subfield code="3">Digitalia Hisp&#xE1;nica</subfield>
    <subfield code="u">https://www.digitaliapublishing.com/a/1486/</subfield>
  </datafield>
  <datafield tag="910" ind1=" " ind2=" ">
    <subfield code="a">Premium Collection: 2007-2012</subfield>
  </datafield>
  <datafield tag="942" ind1=" " ind2=" ">
    <subfield code="c">RAA</subfield>
  </datafield>
  <datafield tag="952" ind1=" " ind2=" ">
    <subfield code="0">0</subfield>
    <subfield code="1">0</subfield>
    <subfield code="4">0</subfield>
    <subfield code="7">0</subfield>
    <subfield code="8">DEH</subfield>
    <subfield code="a">BD-UIN</subfield>
    <subfield code="b">BD-UIN</subfield>
    <subfield code="d">2025-04-25</subfield>
    <subfield code="l">0</subfield>
    <subfield code="r">2025-04-25</subfield>
    <subfield code="w">2025-04-25</subfield>
    <subfield code="y">RAA</subfield>
  </datafield>
  <datafield tag="999" ind1=" " ind2=" ">
    <subfield code="c">230260</subfield>
    <subfield code="d">230260</subfield>
  </datafield>
</record>
